| 000 | 00554cam a22002291 4500 | ||
|---|---|---|---|
| 001 | sa 65005108 | ||
| 003 | DLC | ||
| 005 | 20260227112135.0 | ||
| 008 | 890525s1963 ii 000 0 telo | ||
| 010 | _asa 65005108 | ||
| 035 | _a(OCoLC)19766950 | ||
| 040 |
_aDLC _cWaU _dDLC |
||
| 042 | _apremarc | ||
| 050 | 0 | 0 |
_aPL4780.9.J6 _bB3 |
| 100 | 1 |
_aJoshua, Gurram, _d1895-1971. |
|
| 245 | 1 | 0 | _aBāpūjī. |
| 260 | _c[1963] | ||
| 300 |
_a67 p. _c18 cm. |
||
| 500 | _aIn Telugu. | ||
| 500 | _aA poem. | ||
| 600 | 1 | 0 |
_aGandhi, _cMahatma, _d1869-1948 _vPoetry. |
| 999 |
_c64118 _d64118 |
||